[Event "Corus C"]
[Site "Wijk aan Zee NED"]
[Date "2006.01.14"]
[Round "1"]
[White "Atalik,S"]
[Black "Atalik,E"]
[Result "1-0"]
[WhiteElo "2618"]
[BlackElo "2399"]
[EventDate "2006.01.14"]

1. d4 d5 2. c4 c6 3. Nc3 Nf6 4. e3 a6 5. Qc2 e6 6. Nf3 Nbd7 7. b3 c5 8.
cxd5 exd5 9. Bb2 Be7 10. g3 b5 11. Bg2 Bb7 12. dxc5 Nxc5 13. O-O Rc8 14.
Qb1 b4 15. Ne2 Nce4 16. Bd4 a5 17. Qb2 Ba6 18. Bh3 Ra8 19. Ne5 Nc3 20. Nxc3
Bxf1 21. Bxf1 bxc3 22. Bb5+ Kf8 23. Bxc3 h5 24. Nc6 Qc7 25. Rc1 Kg8 26. Be5
Qb7 27. a4 h4 28. Nxa5 Rxa5 29. Rc7 Qb6 30. Rxe7 hxg3 31. hxg3 1-0

[Event "Corus C"]
[Site "Wijk aan Zee NED"]
[Date "2006.01.14"]
[Round "1"]
[White "Werle,J"]
[Black "Bischoff,K"]
[Result "1/2-1/2"]
[WhiteElo "2514"]
[BlackElo "2560"]
[EventDate "2006.01.14"]

1. Nf3 d5 2. d4 Nf6 3. c4 dxc4 4. e3 e6 5. Bxc4 a6 6. a4 Bb4+ 7. Nc3 O-O 8.
O-O b6 9. Ne5 Bb7 10. Qb3 Qe7 11. Bd2 Bd6 12. f4 Nc6 13. Ne2 Ne4 14. Be1
Bxe5 15. fxe5 Qg5 16. Nf4 Ne7 17. h4 Qh6 18. g4 Ng6 19. Ng2 c5 20. Rd1 b5
21. axb5 axb5 22. Be2 Bd5 23. Qc2 Rac8 24. Qb1 cxd4 25. exd4 f5 26. exf6
gxf6 27. Bf3 f5 28. g5 Qg7 29. Ne3 Nf4 30. Nxd5 exd5 31. Kh1 Rc6 32. Qa2
Rc4 33. Qa6 Qd7 34. Qh6 Rc6 35. g6 Nxg6 36. h5 Ne5 37. Rg1+ Ng4 38. Qf4 Qf7
39. Bxg4 fxg4 40. Rxg4+ Kh8 41. Qe5+ Qf6 42. Rf4 Qxe5 43. Rxf8+ Kg7 44.
dxe5 Kxf8 45. Bb4+ Kf7 46. Rxd5 Ke6 47. Rxb5 Rc2 48. Bc3 1/2-1/2

[Event "Corus C"]
[Site "Wijk aan Zee NED"]
[Date "2006.01.14"]
[Round "1"]
[White "Jonkman,H"]
[Black "Visser,Y"]
[Result "1-0"]
[WhiteElo "2470"]
[BlackElo "2485"]
[EventDate "2006.01.14"]

1. e4 e6 2. d4 d5 3. e5 c5 4. c3 Nc6 5. Nf3 Bd7 6. Be2 Nge7 7. Na3 cxd4 8.
cxd4 Nf5 9. Nc2 h5 10. h4 Qb6 11. O-O Rc8 12. Bg5 a5 13. Qd3 Na7 14. Ne3
Bb5 15. Qb3 Rc6 16. Bxb5 Qxb5 17. Nxf5 exf5 18. Qe3 Re6 19. Ne1 f6 20. Bf4
Nc6 21. Nf3 Be7 22. a4 Qb6 23. Qd3 g6 24. Qb5 Qxb5 25. axb5 Nb4 26. Rxa5
Nd3 27. Ra8+ Bd8 28. Bd2 O-O 29. Rb8 b6 30. Bc3 fxe5 31. dxe5 Bc7 32. Rxf8+
Kxf8 33. Rd1 Nxe5 34. Bxe5 1-0

[Event "Corus C"]
[Site "Wijk aan Zee NED"]
[Date "2006.01.14"]
[Round "1"]
[White "Van der Wiel,J"]
[Black "Afek,Y"]
[Result "1-0"]
[WhiteElo "2505"]
[BlackElo "2370"]
[EventDate "2006.01.14"]

1. e4 c5 2. Nf3 Nf6 3. e5 Nd5 4. g3 Nc6 5. Bg2 g6 6. O-O Bg7 7. d4 cxd4 8.
Nxd4 Ndb4 9. c3 Na6 10. Nxc6 dxc6 11. Qxd8+ Kxd8 12. Bf4 h6 13. Rd1+ Ke8
14. h4 Nc5 15. Be3 Na4 16. b3 Nb6 17. Bd4 Bg4 18. Re1 Rd8 19. a4 Nd7 20. e6
Nf6 21. exf7+ Kxf7 22. Na3 Be6 23. Nc4 Bxc4 24. bxc4 Ne8 25. Rab1 b6 26. c5
Bxd4 27. cxd4 Rxd4 28. Bxc6 g5 29. hxg5 hxg5 30. a5 bxc5 31. Rb7 Nf6 32.
Rbxe7+ Kg6 33. Rxa7 Rc8 34. Bb7 Rc7 35. Ra1 Rcd7 36. a6 Rd1+ 37. Rxd1 Rxd1+
38. Kg2 Ra1 39. Ra8 Kf5 40. Rc8 Ra5 41. Rc6 Ke5 42. f4+ gxf4 43. gxf4+ Kxf4
44. Rxf6+ Ke3 45. Rc6 Kd3 46. Kf3 c4 47. Rd6+ 1-0

[Event "Corus C"]
[Site "Wijk aan Zee NED"]
[Date "2006.01.14"]
[Round "1"]
[White "Bensdorp,M"]
[Black "Li Shilong"]
[Result "1-0"]
[WhiteElo "2230"]
[BlackElo "2543"]
[EventDate "2006.01.14"]

1. d4 c5 2. d5 e5 3. e4 d6 4. c4 Be7 5. Bd3 Bg5 6. Nd2 Ne7 7. Ne2 Ng6 8.
O-O h5 9. Nf3 Bh6 10. a3 Bg4 11. Ne1 Bxc1 12. Qxc1 Bxe2 13. Bxe2 Nf4 14.
Qe3 Nd7 15. Bd1 h4 16. Ba4 Kf8 17. Bxd7 Qxd7 18. h3 g5 19. f3 b5 20. b4 Rc8
21. bxc5 Rxc5 22. cxb5 Qxb5 23. Rf2 Kg7 24. Kh2 Rhc8 25. Qd2 Rc3 26. Qb2
Rb3 27. Qd2 Qa4 28. Qa2 Rcc3 29. Nc2 Nd3 30. Nb4 Nf4 31. Qd2 Rxa3 32. Rxa3
Qxa3 33. Qb2 Qxb2 34. Rxb2 Rc1 35. Ra2 Nh5 36. g4 hxg3+ 37. Kg2 a5 38. Nc6
Kf6 39. Nxa5 Ke7 40. Nc6+ Kf6 41. Nb4 Rb1 42. Nc6 Rc1 43. Nb4 Nf4+ 44. Kxg3
Rh1 45. Rh2 Rg1+ 46. Kf2 Rb1 47. Nc6 Rb2+ 48. Kg1 Ne2+ 49. Kf1 Rb1+ 50. Kf2
Nd4 51. Kg3 Rc1 52. Nb4 Kg6 53. Ra2 Rc3 54. Ra6 Rxf3+ 55. Kg2 Rf6 56. Nc6
Nb3 57. Ne7+ Kh7 58. Nf5 Nc5 59. Rxd6 Nxe4 60. Rxf6 Nxf6 61. d6 Kg6 62.
Ne7+ Kg7 63. Kf3 Nd7 64. Ke4 Kf6 65. Kd5 Nb6+ 66. Kc6 e4 67. Kxb6 e3 68. d7
e2 69. Nd5+ Kg7 70. d8=Q e1=Q 71. Qxg5+ Kf8 72. Qh6+ Ke8 73. Qe3+ Qxe3+ 74.
Nxe3 Ke7 75. Kc5 Kf6 76. Kd4 Kg5 77. Ng2 Kf5 78. Ke3 Kg5 79. Kf3 Kf5 80. h4
Kg6 81. Kg4 Kh6 82. Nf4 Kg7 83. Kg5 Kh7 84. Kf6 Kg8 85. Nd3 Kh7 86. Kxf7
Kh6 87. Nf4 Kh7 88. Kf6 Kh6 89. h5 Kh7 90. Kg5 Kg7 91. h6+ Kf7 92. Nh5 Kg8
93. Kg6 Kh8 94. Nf4 Kg8 95. Nd3 Kh8 96. Ne5 1-0

[Event "Corus C"]
[Site "Wijk aan Zee NED"]
[Date "2006.01.14"]
[Round "1"]
[White "Adly,A"]
[Black "Hopman,P"]
[Result "0-1"]
[WhiteElo "2473"]
[BlackElo "2332"]
[EventDate "2006.01.14"]

1. d4 d6 2. Nf3 Bg4 3. c4 Nd7 4. d5 e5 5. Nc3 Be7 6. Nd2 Bh5 7. g3 f5 8.
Qb3 Nc5 9. Qc2 e4 10. Bh3 Nh6 11. Nb3 Ng4 12. Nxc5 dxc5 13. Bxg4 Bxg4 14.
h3 Bh5 15. g4 Bg6 16. gxf5 Bxf5 17. Be3 O-O 18. O-O-O Bd6 19. Rdg1 Qe7 20.
Rg5 a6 21. Rhg1 Rf7 22. h4 Kh8 23. a3 h6 24. Rh5 Bh7 25. Rg4 Re8 26. Qd1
Qd7 27. Qg1 Rf6 28. Kd1 Qf7 29. Rhg5 g6 30. Nxe4 hxg5 31. hxg5 Rf5 32. Qh1
b6 33. Qh3 Be5 34. Bc1 c6 35. d6 Rd8 36. Rh4 Bxd6 37. Ke1 Be5 38. f4 Qd7
39. Bd2 Bxb2 40. a4 Rf7 41. Qh1 Re7 42. f5 Rxe4 43. Qxe4 Qxd2+ 44. Kf1 Qxg5
45. fxg6 Rf8+ 0-1

[Event "Corus C"]
[Site "Wijk aan Zee NED"]
[Date "2006.01.15"]
[Round "2"]
[White "Li Shilong"]
[Black "Hopman,P"]
[Result "1-0"]
[WhiteElo "2543"]
[BlackElo "2332"]
[EventDate "2006.01.14"]

1. e4 e5 2. Nf3 Nf6 3. Nc3 d6 4. d4 Nbd7 5. Bc4 Be7 6. O-O O-O 7. Re1 c6 8.
a4 b6 9. b3 a6 10. Bb2 Bb7 11. Bd3 Re8 12. Nb1 Bf8 13. Nbd2 Qc7 14. c4 g6
15. Qc2 Rac8 16. h3 Nh5 17. Bf1 Nf4 18. a5 b5 19. b4 Bg7 20. dxe5 dxe5 21.
Nb3 Bf8 22. Rec1 Ne6 23. Qd2 bxc4 24. Bxc4 Rcd8 25. Qe1 Qd6 26. Bc3 Bg7 27.
Rd1 Qe7 28. Qe3 Nd4 29. Nbxd4 exd4 30. Bxd4 Qxb4 31. Bxf7+ Kxf7 32. Rab1
Bxd4 33. Qf4+ 1-0

[Event "Corus C"]
[Site "Wijk aan Zee NED"]
[Date "2006.01.15"]
[Round "2"]
[White "Bensdorp,M"]
[Black "Atalik,S"]
[Result "0-1"]
[WhiteElo "2230"]
[BlackElo "2618"]
[EventDate "2006.01.14"]

1. d4 e6 2. c4 Bb4+ 3. Bd2 a5 4. Nf3 Nf6 5. Nc3 O-O 6. e3 d5 7. Qc2 b6 8.
cxd5 exd5 9. Bd3 Bb7 10. O-O Be7 11. Rac1 c5 12. dxc5 bxc5 13. Na4 c4 14.
Be2 Nc6 15. Rfd1 Qc7 16. b3 Ba3 17. Nb2 Nb4 18. Qb1 Qe7 19. Bc3 cxb3 20.
axb3 Ne4 21. Bd4 Nc6 22. Rc2 Bd6 23. Na4 Nxd4 24. Rxd4 Rad8 25. Qd1 Bb8 26.
Qe1 Bc7 27. Bb5 Rc8 28. Qc1 Bd6 29. Rd1 Rxc2 30. Qxc2 Rc8 31. Qe2 Qc7 32.
Bd3 g6 33. h3 Ba8 34. Nd4 Qb8 35. Qg4 Bh2+ 36. Kf1 Be5 37. Nf3 f5 38. Qh4
Qxb3 39. Be2 Bf6 0-1

[Event "Corus C"]
[Site "Wijk aan Zee NED"]
[Date "2006.01.15"]
[Round "2"]
[White "Van der Weide,K"]
[Black "Van der Wiel,J"]
[Result "1/2-1/2"]
[WhiteElo "2466"]
[BlackElo "2505"]
[EventDate "2006.01.14"]

1. e4 e5 2. Nf3 Nc6 3. d4 exd4 4. Nxd4 Bb4+ 5. c3 Be7 6. Nxc6 bxc6 7. Bd3
d5 8. O-O Nf6 9. Nd2 O-O 10. Qc2 g6 11. c4 Re8 12. cxd5 cxd5 13. Bb5 Bd7
14. Bxd7 Qxd7 15. exd5 1/2-1/2

[Event "Corus C"]
[Site "Wijk aan Zee NED"]
[Date "2006.01.15"]
[Round "2"]
[White "Atalik,E"]
[Black "Werle,J"]
[Result "0-1"]
[WhiteElo "2399"]
[BlackElo "2514"]
[EventDate "2006.01.14"]

1. d4 Nf6 2. c4 e6 3. g3 d5 4. Bg2 Be7 5. Nf3 O-O 6. O-O dxc4 7. Qc2 a6 8.
Qxc4 b5 9. Qc2 Bb7 10. Bd2 Nbd7 11. Ba5 Rc8 12. Nbd2 Qe8 13. b4 Bd6 14.
Rac1 e5 15. dxe5 Nxe5 16. Bh3 Nc6 17. Bxc8 Qxc8 18. e4 Qh3 19. Rfe1 Ng4 20.
Nf1 f5 21. Qb3+ Kh8 22. Ng5 Qh5 23. Ne6 Nxa5 24. bxa5 Rf6 25. f4 fxe4 26.
Ng5 e3 27. Qc2 Nf2 28. Rxe3 Qxg5 29. Kxf2 Qd5 30. a3 Rf8 31. Ke1 b4 32. Rd1
Qxa5 33. axb4 Bxb4+ 34. Ke2 Qh5+ 35. Kf2 Bc5 36. Rdd3 Be4 0-1

[Event "Corus C"]
[Site "Wijk aan Zee NED"]
[Date "2006.01.15"]
[Round "2"]
[White "Bischoff,K"]
[Black "Jonkman,H"]
[Result "1-0"]
[WhiteElo "2560"]
[BlackElo "2470"]
[EventDate "2006.01.14"]

1. c4 e6 2. Nc3 d5 3. d4 Nf6 4. cxd5 exd5 5. Bg5 Be7 6. e3 Nbd7 7. Bd3 O-O
8. h3 Re8 9. Nf3 Nf8 10. Qc2 Be6 11. Bf4 a6 12. O-O Rc8 13. Rfc1 c5 14.
dxc5 Bxc5 15. Qd1 Ng6 16. Bh2 Qe7 17. Rc2 Bd6 18. Bxd6 Qxd6 19. Rac1 Ne7
20. Nd4 Bd7 21. Be2 Qe5 22. Rd2 h6 23. Bd3 Rc7 24. Qe1 Rec8 25. Rcd1 Nc6
26. Nf3 Qe7 27. Bb1 Be6 28. Ne2 Na5 29. b3 Qb4 30. Nf4 Nc6 31. Qe2 Na7 32.
Nd4 Nb5 33. Nxb5 Qxb5 34. Qxb5 axb5 35. f3 g5 36. Ne2 Nd7 37. Nd4 Rc5 38.
Bd3 Ne5 39. Bxb5 Nc6 40. Bf1 Nxd4 41. Rxd4 Rc2 42. R1d2 Rxd2 43. Rxd2 Rc1
44. Kf2 Ra1 45. Be2 Kf8 46. f4 Ke7 47. Bf3 f6 48. Bxd5 Bxd5 49. Rxd5 Rxa2+
50. Kf3 Rc2 51. Rb5 Rc7 52. Rb6 Kf7 53. Kg4 gxf4 54. exf4 Rc2 55. Rxb7+ Ke6
56. g3 Rc3 57. Rb5 Rd3 58. b4 Rb3 59. f5+ Ke7 60. Rb7+ Kd6 61. Rb6+ Ke7 62.
Kh4 Rd3 63. g4 Rb3 64. b5 1-0

[Event "Corus C"]
[Site "Wijk aan Zee NED"]
[Date "2006.01.15"]
[Round "2"]
[White "Visser,Y"]
[Black "Marcelin,C"]
[Result "1-0"]
[WhiteElo "2485"]
[BlackElo "2441"]
[EventDate "2006.01.14"]

1. e4 c5 2. d3 Nc6 3. g3 g6 4. Bg2 Bg7 5. f4 d6 6. Nf3 e5 7. Nc3 Nge7 8.
O-O Nd4 9. Nxd4 cxd4 10. Ne2 O-O 11. c3 dxc3 12. bxc3 exf4 13. Bxf4 d5 14.
e5 h6 15. d4 Bg4 16. h3 Be6 17. Qd2 Kh7 18. g4 Ng8 19. Bg3 Rc8 20. Nf4 Qd7
21. Rf3 Ne7 22. Raf1 Kg8 23. Bh4 Kh7 24. Qd3 Ng8 25. Nh5 Kh8 26. Nf6 Qa4
27. R3f2 Qc4 28. Qxc4 Rxc4 29. Nxd5 g5 30. Bg3 Rd8 31. Rxf7 Bxd5 32. Bxd5
Rxd5 33. Rxb7 Rc6 34. Rff7 Rg6 35. e6 Rd8 36. Be5 Nf6 37. Rxg7 1-0

[Event "Corus C"]
[Site "Wijk aan Zee NED"]
[Date "2006.01.16"]
[Round "3"]
[White "Hopman,P"]
[Black "Afek,Y"]
[Result "1-0"]
[WhiteElo "2332"]
[BlackElo "2370"]
[EventDate "2006.01.14"]

1. d4 Nf6 2. c4 g6 3. Nc3 Bg7 4. e4 O-O 5. Bd3 c5 6. d5 e5 7. f4 Nh5 8. f5
Qh4+ 9. g3 Qe7 10. Qf3 d6 11. Nge2 Nf6 12. g4 gxf5 13. gxf5 Kh8 14. Bg5 a6
15. O-O-O b5 16. cxb5 axb5 17. Bxb5 Ba6 18. Bc6 Nxc6 19. dxc6 Qc7 20. Rhg1
Bc4 21. Rg3 Rfb8 22. Rh3 Qb6 23. Rd2 Rg8 1-0

[Event "Corus C"]
[Site "Wijk aan Zee NED"]
[Date "2006.01.17"]
[Round "4"]
[White "Li Shilong"]
[Black "Afek,Y"]
[Result "1-0"]
[WhiteElo "2543"]
[BlackElo "2370"]
[EventDate "2006.01.14"]

1. d4 d5 2. Nf3 c5 3. Nc3 e6 4. e4 dxe4 5. Nxe4 cxd4 6. Qxd4 Qxd4 7. Nxd4
a6 8. Bf4 Nf6 9. Nd6+ Bxd6 10. Bxd6 Bd7 11. f3 Nc6 12. Nb3 O-O-O 13. O-O-O
Nd5 14. Bc5 h5 15. c4 Nf4 16. Bb6 Rdg8 17. Nc5 Be8 18. g3 Ng6 19. b4 h4 20.
g4 e5 21. Rd6 Nf4 22. b5 axb5 23. cxb5 Rh6 24. Ne4 Rxd6 25. Nxd6+ Kd7 26.
Nxb7 Nd4 27. Bc4 Ke7 28. Bxd4 exd4 29. Re1+ Kd7 30. Re4 Ne6 31. a4 Ng5 32.
Rxd4+ Kc7 33. Bd5 Bd7 34. Nc5 Rd8 35. f4 1-0

[Event "Corus C"]
[Site "Wijk aan Zee NED"]
[Date "2006.01.17"]
[Round "4"]
[White "Visser,Y"]
[Black "Adly,A"]
[Result "0-1"]
[WhiteElo "2485"]
[BlackElo "2473"]
[EventDate "2006.01.14"]

1. e4 c5 2. a3 e6 3. b4 cxb4 4. axb4 Bxb4 5. Bb2 Nf6 6. e5 Nd5 7. c4 Ne7 8.
Na3 Nbc6 9. Nc2 Ba5 10. Nf3 O-O 11. h4 d6 12. exd6 Qxd6 13. Rxa5 Nxa5 14.
Qa1 Nb3 15. Qa2 Nc5 16. d4 Qa6 17. Qa3 Na4 18. Bc1 Nc6 19. c5 b5 20. cxb6
Qa5+ 21. Bd2 Qxb6 22. Qxa4 Qb1+ 23. Ke2 Bd7 24. Nfe1 Rfd8 25. Qa3 Rab8 26.
Qc1 Qa2 27. Rh3 Rb1 28. Qa3 Nxd4+ 29. Nxd4 Bb5+ 30. Nxb5 Rxd2+ 31. Ke3
Rxe1+ 32. Kf3 Rxf2+ 33. Kg3 Qxa3+ 0-1

[Event "Corus C"]
[Site "Wijk aan Zee NED"]
[Date "2006.01.17"]
[Round "4"]
[White "Atalik,S"]
[Black "Werle,J"]
[Result "1/2-1/2"]
[WhiteElo "2618"]
[BlackElo "2514"]
[EventDate "2006.01.14"]

1. Nf3 Nf6 2. c4 b6 3. g3 Bb7 4. d4 e6 5. Bg2 Be7 6. Nc3 O-O 7. Qd3 c5 8.
d5 exd5 9. cxd5 d6 10. O-O Ba6 11. Nb5 Bxb5 12. Qxb5 Nbd7 13. Qd3 Re8 14.
Re1 Bf8 15. Bf4 Nh5 16. Bd2 g6 17. Bc3 Bg7 18. e4 Bxc3 19. bxc3 Nhf6 20.
Nd2 Ne5 21. Qf1 g5 22. f4 gxf4 23. gxf4 Ng6 24. Qf3 Kh8 25. Bh3 Ng8 26. Rf1
Qh4 27. Qg3 Nf6 28. Rae1 Qh6 29. Qg5 Kg7 30. Re3 Qxg5+ 31. fxg5 Ng8 32. Nc4
Rad8 33. Ref3 Rf8 34. a4 f6 35. Be6 fxg5 36. Rf7+ Rxf7 37. Rxf7+ Kh8 38.
Rxa7 Nf6 39. Nxb6 Nxe4 40. c4 Nd2 41. a5 Rf8 42. Rf7 Rb8 43. Nd7 Rb1+ 44.
Kf2 Nxc4 45. Nf6 Rb2+ 46. Kg1 Rb1+ 47. Kf2 Rb2+ 48. Kg1 Rb1+ 1/2-1/2

[Event "Corus C"]
[Site "Wijk aan Zee NED"]
[Date "2006.01.17"]
[Round "4"]
[White "Van der Weide,K"]
[Black "Hopman,P"]
[Result "1-0"]
[WhiteElo "2466"]
[BlackElo "2332"]
[EventDate "2006.01.14"]

1. e4 e5 2. Nf3 Nc6 3. d4 exd4 4. Nxd4 Bc5 5. Be3 Qf6 6. c3 Nge7 7. Bc4 Ne5
8. Be2 Qg6 9. O-O d6 10. f3 Bb6 11. a4 a5 12. Kh1 O-O 13. Na3 d5 14. Bf4
Qf6 15. Bg3 N5c6 16. Ndb5 dxe4 17. fxe4 Qg6 18. Qc2 Bg4 19. Nc4 f5 20. Nxb6
cxb6 21. Bc4+ Kh8 22. Nc7 Rac8 23. Ne6 Rf6 24. Nf4 Qh6 25. Nd5 Nxd5 26.
exd5 f4 27. Bxf4 Rxf4 28. dxc6 Rxc4 29. cxb7 Rb8 30. Qd3 Qc6 31. Rf7 Be6
32. Qg3 Rg8 33. Qxg7+ Rxg7 34. b8=Q+ Qc8 35. Rf8+ Qxf8 36. Qxf8+ Bg8 37.
Rf1 Rxa4 38. h3 Re4 39. Rf2 Re6 40. Kh2 Reg6 41. Qd8 h6 42. g4 h5 43. gxh5
Rg5 44. Qd4 Kh7 45. Qe4+ Kh8 46. Rf5 Bh7 47. Qe8+ Bg8 48. Rxg5 Rxg5 49. Qc6
1-0

[Event "Corus C"]
[Site "Wijk aan Zee NED"]
[Date "2006.01.17"]
[Round "4"]
[White "Bensdorp,M"]
[Black "Jonkman,H"]
[Result "0-1"]
[WhiteElo "2230"]
[BlackElo "2470"]
[EventDate "2006.01.14"]

1. d4 d5 2. c4 dxc4 3. e3 e5 4. Bxc4 exd4 5. exd4 Bd6 6. Nf3 Nf6 7. O-O O-O
8. Nc3 Nbd7 9. Bg5 Nb6 10. Bb3 a5 11. Rc1 h6 12. Bxf6 Qxf6 13. Ne4 Qf4 14.
Nxd6 Qxd6 15. Qd3 c6 16. Ne5 a4 17. Bc2 g6 18. Qg3 Kg7 19. Rfd1 a3 20. bxa3
Rxa3 21. Bb3 Be6 22. Rc3 Bd5 23. h4 h5 24. Qd3 Rfa8 25. Qb1 R8a7 26. Rg3
Bxb3 27. Rxb3 Rxb3 28. Qxb3 Nd5 29. Rd3 f6 30. Nf3 Qb4 31. Qc2 Ra3 32. Rxa3
Qxa3 33. Qb3 Qxb3 34. axb3 Kf7 35. Kf1 Ke6 36. g3 Nc3 37. Ke1 Kd5 38. Kd2
Ke4 39. Ng1 Nb5 40. f3+ Kxd4 41. Ne2+ Ke5 42. Ke3 Nc7 43. f4+ Kf5 44. Nd4+
Kg4 45. Kf2 c5 46. Nf3 Nb5 0-1

[Event "Corus C"]
[Site "Wijk aan Zee NED"]
[Date "2006.01.17"]
[Round "4"]
[White "Atalik,E"]
[Black "Marcelin,C"]
[Result "0-1"]
[WhiteElo "2399"]
[BlackElo "2441"]
[EventDate "2006.01.14"]

1. d4 d5 2. c4 c6 3. Nf3 Nf6 4. Nc3 e6 5. Qc2 dxc4 6. e4 b5 7. a4 b4 8. Nd1
Ba6 9. Bg5 Qa5 10. Bd2 c3 11. bxc3 Bxf1 12. cxb4 Bxb4 13. Bxb4 Qxb4+ 14.
Kxf1 O-O 15. Ne3 Nbd7 16. Ke2 Qa5 17. Rhc1 Rac8 18. e5 Nd5 19. Nc4 Qa6 20.
Ke1 c5 21. Nd6 Rc6 22. Qc4 Nb4 23. Kd2 Qa5 24. Nb7 Qc7 25. Nxc5 Nxc5 26.
dxc5 Rd8+ 27. Ke2 Nd3 28. Rd1 Rxc5 29. Qh4 Rc4 30. Qg5 Nf4+ 31. Ke1 Rd5 32.
Rxd5 exd5 33. Rd1 Nxg2+ 34. Kf1 Nf4 35. Re1 Ne6 36. Qd2 Qd7 37. Rb1 Rc8 38.
a5 d4 39. Kg2 Qd5 40. Kg3 Qe4 41. Rb4 Rc3 42. Rb8+ Nf8 43. Qf4 Qg6+ 44. Kh4
h6 45. Kh3 Ra3 46. e6 Qxe6+ 47. Kg2 Qg6+ 48. Qg3 Qc6 49. Qf4 Rxa5 50. Qxd4
Rg5+ 51. Kf1 Qxf3 52. Rxf8+ Kh7 0-1

[Event "Corus C"]
[Site "Wijk aan Zee NED"]
[Date "2006.01.17"]
[Round "4"]
[White "Bischoff,K"]
[Black "Van der Wiel,J"]
[Result "1/2-1/2"]
[WhiteElo "2560"]
[BlackElo "2505"]
[EventDate "2006.01.14"]

1. c4 c5 2. Nf3 Nf6 3. d4 cxd4 4. Nxd4 e6 5. g3 Qc7 6. Nd2 b6 7. Bg2 Bb7 8.
e4 a6 9. O-O Nc6 10. Nxc6 Bxc6 11. b3 h5 12. Bb2 Qb7 13. Qe2 h4 14. Rad1
Bc5 15. Bf3 hxg3 16. hxg3 Rh6 17. Bc3 a5 18. Kg2 O-O-O 19. Rh1 Rdh8 20.
Rxh6 Rxh6 21. Rh1 1/2-1/2

[Event "Corus C"]
[Site "Wijk aan Zee NED"]
[Date "2006.01.19"]
[Round "5"]
[White "Adly,A"]
[Black "Bischoff,K"]
[Result "0-1"]
[WhiteElo "2473"]
[BlackElo "2560"]
[EventDate "2006.01.14"]

1. d4 Nf6 2. c4 e6 3. Nc3 Bb4 4. e3 O-O 5. Nge2 d5 6. a3 Be7 7. Nf4 c6 8.
Bd3 Nbd7 9. cxd5 exd5 10. g4 Re8 11. h4 Bd6 12. Qf3 Qe7 13. Nce2 Nf8 14. g5
Ne4 15. Qg2 Bxf4 16. Nxf4 Bf5 17. f3 Nd6 18. Be2 Ne6 19. Qh2 Nxf4 20. Qxf4
f6 21. Bd2 fxg5 22. Qxg5 Qd7 23. Kf2 Re6 24. Rag1 Rae8 25. h5 h6 26. Qf4
Bh7 27. Rh2 Rf8 28. Qh4 Rf7 29. Rhg2 Qe8 30. Qg4 Ne4+ 31. Ke1 Nxd2 32. Kxd2
Rxe3 33. Qg3 Rfe7 34. Bd1 Kh8 35. Qf4 R3e6 36. Qh4 Qf8 37. Rg4 Qf5 38. Rg6
Bxg6 39. hxg6 Re8 0-1

[Event "Corus C"]
[Site "Wijk aan Zee NED"]
[Date "2006.01.19"]
[Round "5"]
[White "Werle,J"]
[Black "Li Shilong"]
[Result "1-0"]
[WhiteElo "2514"]
[BlackElo "2543"]
[EventDate "2006.01.14"]

1. Nf3 f5 2. c4 Nf6 3. g3 e6 4. Bg2 Be7 5. O-O O-O 6. d4 c6 7. Qc2 d5 8.
Bf4 Nh5 9. Bxb8 Rxb8 10. Nbd2 Bd6 11. e3 Nf6 12. Ne1 g5 13. Nd3 g4 14. b4
Bd7 15. a4 a6 16. Rfb1 Ne4 17. Nb3 Qe7 18. Nbc5 Be8 19. Ra2 h5 20. Nf4 Bf7
21. Ncd3 e5 22. c5 Bc7 23. dxe5 Bxe5 24. Nxe5 Qxe5 25. Bxe4 dxe4 26. Rab2
Rbc8 27. Rd1 Rfd8 28. Rbb1 Qf6 29. Rxd8+ Rxd8 30. b5 axb5 31. axb5 h4 32.
bxc6 bxc6 33. gxh4 Qxh4 34. Qc3 Qe7 35. Rb6 Qd7 36. Rb1 Qe7 37. Kg2 Re8 38.
Rb6 Rc8 39. Rb1 Re8 40. Rd1 Qe5 41. Qa3 Re7 42. Rd6 Be8 43. Rd8 Kg7 44. Qa8
Kf7 45. Qc8 Kg7 46. Ne2 Qe6 47. Qxe6 Rxe6 48. Nd4 Re5 49. Nxf5+ Kf6 50. Nd6
Bg6 51. Nb7 Kg5 52. Rc8 Rd5 53. Rxc6 Rd2 54. Rd6 Rc2 55. Nd8 Rc1 56. Ne6+
Kf5 57. Nd4+ Kg5 58. c6 Bf7 59. Rd7 Kf6 60. c7 Bc4 61. Kg3 Bb5 62. Nxb5 1-0

[Event "Corus C"]
[Site "Wijk aan Zee NED"]
[Date "2006.01.19"]
[Round "5"]
[White "Van der Wiel,J"]
[Black "Atalik,E"]
[Result "1/2-1/2"]
[WhiteElo "2505"]
[BlackElo "2399"]
[EventDate "2006.01.14"]

1. e4 e5 2. Nf3 Nf6 3. d4 Nxe4 4. Bd3 d5 5. Nxe5 Nd7 6. Bf4 Nxe5 7. Bxe5
Bd6 8. Nc3 Nxc3 9. bxc3 Bxe5 10. dxe5 O-O 11. O-O c5 12. f4 f5 13. exf6
Qxf6 14. Qh5 Bf5 15. Rae1 Qf7 16. Qxf7+ Rxf7 17. Bxf5 Rxf5 18. Re7 Rf7 19.
Rfe1 Kf8 20. R7e5 Rd8 21. f5 1/2-1/2

[Event "Corus C"]
[Site "Wijk aan Zee NED"]
[Date "2006.01.19"]
[Round "5"]
[White "Jonkman,H"]
[Black "Atalik,S"]
[Result "0-1"]
[WhiteElo "2470"]
[BlackElo "2618"]
[EventDate "2006.01.14"]

1. e4 c5 2. Nf3 d6 3. c3 Nf6 4. Bd3 Nc6 5. Bc2 Bg4 6. d3 g6 7. Nbd2 Bh6 8.
h3 Bxf3 9. Nxf3 Bxc1 10. Rxc1 O-O 11. O-O e6 12. Qd2 Kg7 13. Rfe1 Rc8 14.
d4 cxd4 15. Nxd4 Qb6 16. Nxc6 Rxc6 17. Bb3 Qc5 18. Rcd1 b5 19. Qd4 Qxd4 20.
Rxd4 e5 21. Rd2 Rb8 22. a3 Kf8 23. h4 a5 24. g3 Ra6 25. Kg2 Ke7 26. f4 Nd7
27. Ra1 Nc5 28. Bd5 b4 29. cxb4 axb4 30. b3 exf4 31. gxf4 Rxa3 32. Rxa3
bxa3 33. Ra2 Nd3 34. Kg3 Nb4 35. Rxa3 Nxd5 36. exd5 Kf6 37. h5 Kf5 38. hxg6
hxg6 39. Ra6 Rxb3+ 40. Kg2 Kxf4 41. Rxd6 Ke5 42. Rd7 f6 43. d6 Rd3 44. Rg7
g5 45. d7 Ke6 0-1

[Event "Corus C"]
[Site "Wijk aan Zee NED"]
[Date "2006.01.19"]
[Round "5"]
[White "Hopman,P"]
[Black "Visser,Y"]
[Result "0-1"]
[WhiteElo "2332"]
[BlackElo "2485"]
[EventDate "2006.01.14"]

1. e4 e6 2. d4 d5 3. Nd2 Nf6 4. e5 Nfd7 5. c3 c5 6. f4 Nc6 7. Ndf3 a5 8.
Bd3 cxd4 9. cxd4 a4 10. Ne2 a3 11. b3 Nb4 12. Bb1 Nb6 13. O-O Bd7 14. Nc3
Be7 15. Qe1 g6 16. Bd2 Rc8 17. Nd1 Nc2 18. Bxc2 Rxc2 19. Ne3 Rc8 20. Ba5
Bb5 21. Rf2 Bd3 22. Rc1 Ra8 23. b4 O-O 24. Rc3 Bb5 25. Rxa3 Ra6 26. Rc3 Qa8
27. Bxb6 Rxb6 28. a3 Ra6 29. Qc1 Bxb4 30. f5 Rxa3 31. Nc2 Rxc3 32. Qh6 exf5
33. g4 Rxf3 34. Rxf3 fxg4 35. Rf2 Be7 36. Ne3 Qa1+ 0-1

[Event "Corus C"]
[Site "Wijk aan Zee NED"]
[Date "2006.01.20"]
[Round "6"]
[White "Visser,Y"]
[Black "Afek,Y"]
[Result "1/2-1/2"]
[WhiteElo "2485"]
[BlackElo "2370"]
[EventDate "2006.01.14"]

1. e4 c5 2. Nc3 Nc6 3. Bc4 e6 4. d3 a6 5. a3 Nf6 6. Nge2 d5 7. exd5 exd5 8.
Ba2 d4 9. Ne4 Nxe4 10. dxe4 Be6 11. Bxe6 fxe6 12. Nf4 Qd7 13. Qg4 O-O-O 14.
O-O e5 15. Qxd7+ Kxd7 16. Nd5 Bd6 17. Bd2 b5 18. a4 Rb8 19. axb5 axb5 20.
Ra6 Rb7 21. Rfa1 Rhb8 22. R1a3 Ne7 23. Rh3 Ke6 24. Nxe7 Rxe7 25. f4 g6 26.
fxe5 Kxe5 27. Rf3 Bc7 28. Rc6 Kxe4 29. Rxc5 Bd6 30. Rg5 Re5 31. Rg4+ Kd5
32. Bf4 Re6 33. Rg5+ Kc6 34. Bxd6 Rxd6 35. Ra3 Rc8 36. Re5 Kb6 37. Rb3 Rxc2
38. Rexb5+ Kc6 39. Rb8 Kd5 40. h3 Re6 41. R8b5+ Rc5 42. Rb7 Rc1+ 43. Kf2
Rc2+ 44. Kg3 Ree2 45. Kf4 Rf2+ 46. Kg5 Rf5+ 47. Kh6 Rh5+ 48. Kg7 Rxg2 49.
Rd3 Ke4 50. Rd1 Rg3 51. b4 Rb3 52. Kf6 d3 53. Rd7 Rxh3 54. b5 Rxb5 55. Re1+
Kf3 56. Rxd3+ Kf2 57. Rxh3 Rf5+ 58. Kg7 Kxe1 1/2-1/2

[Event "Corus C"]
[Site "Wijk aan Zee NED"]
[Date "2006.01.20"]
[Round "6"]
[White "Bischoff,K"]
[Black "Hopman,P"]
[Result "1/2-1/2"]
[WhiteElo "2560"]
[BlackElo "2332"]
[EventDate "2006.01.14"]

1. Nf3 d6 2. d4 Bg4 3. e3 Nd7 4. Be2 e6 5. c4 c6 6. d5 Ngf6 7. Nc3 Nb6 8.
e4 Bxf3 9. gxf3 exd5 10. cxd5 Be7 11. a4 cxd5 12. a5 Nbd7 13. Nxd5 Nxd5 14.
Qxd5 O-O 15. O-O Kh8 16. Rd1 f5 17. exf5 b6 18. f4 bxa5 19. Rxa5 Nb6 20.
Qa2 d5 21. Rxa7 Rxa7 22. Qxa7 d4 23. Bd3 Bf6 24. Bd2 Nd5 25. Re1 h6 26. b4
Re8 27. Re6 Re7 28. Qa5 Rc7 29. Qa4 Rc8 30. Qd1 Rb8 31. b5 Nc3 32. Qh5 Nd5
33. Qf7 Qf8 34. Qxf8+ Rxf8 35. Rd6 Nc3 36. b6 Rb8 37. Ba6 Na4 38. Ba5 Nc5
39. Bb5 Nb7 40. Rxf6 gxf6 41. Bb4 Kg7 42. Ba6 h5 43. Kf1 Nd6 44. Bc5 d3 45.
f3 d2 46. Ke2 Rd8 47. Kd1 Rd7 48. Bg1 h4 49. h3 Nb7 50. Bxb7 Rxb7 51. Kxd2
Kf7 52. Kc3 Ke7 53. Kb4 Kd7 54. Kb5 Rb8 55. Bd4 Rf8 56. Kc5 Rc8+ 57. Kd5
Rb8 58. Kc5 Rc8+ 59. Kb5 Rf8 60. b7 Kc7 61. Ka6 Rb8 62. Bxf6 Rxb7 63. Bxh4
Rb6+ 64. Ka5 Rh6 1/2-1/2